Culture jamming hacking, slashing & sniping v ríši znakov

Bibliographic Details
Main Author: Dery, Mark (Author)
Other Authors: Hanulová, Jana (Translator)
Format: Article
Language:Slovak
PhysicalDescription:Obr.
ISSN:1335-5309
Subjects:

MARC

LEADER 00000nab a2200000 a 4500
001 vtls000868943
003 SK-MaSNL
005 20260302160540.0
008 180206c2001 xo 0 slo
015 |a SNBRB2004/04-11371 
035 |a CLN000220495 
040 |a SNKBUCL  |b slo  |c SNKBUCL  |e AACR2 
041 0 |a slo 
044 |a xo  |c SK 
080 |a 659.4:316.776.23  |2 UDC-MRF-SK2 
080 |a 316.776.23:659.4  |2 UDC-MRF-SK2 
100 1 |a Dery, Mark  |4 aut  |9 856893 
245 1 0 |a Culture jamming  |b hacking, slashing & sniping v ríši znakov  |c Mark Dery ; preklad Jana Hanulová 
300 |b Obr. 
650 0 7 |a culture jamming  |2 snkbucl  |9 856894 
650 0 7 |a médiá  |x culture jamming  |2 snkbucl  |9 856895 
655 7 |a články z novín a časopisov  |2 snkbucl  |9 267496 
700 1 |a Hanulová, Jana  |4 trl  |9 733769 
773 0 |x 1335-5309  |t 3/4 revue  |g Roč. 3, č. 4 (2001), s. 
850 |a Slovenská národná knižnica v Martine 
852 |a SNK  |b KIS3GCP 
958 |a RBX 
999 |c 1374841  |d 1376771